| 000 | 02047cam a2200421 a 4500 | ||
|---|---|---|---|
| 999 |
_c17787 _d17787 |
||
| 001 | 15070518 | ||
| 003 | OSt | ||
| 005 | 20181016100721.0 | ||
| 008 | 071105s2008 nyuac b 001 0 rus c | ||
| 010 | _a 2007940764 | ||
| 020 | _a9780963059475 | ||
| 020 | _a0963059475 | ||
| 035 | _a(OCoLC)ocn226956959 | ||
| 040 |
_aCOO _cCOO _dWTU _dTXA _dEVIEW _dJ9U _dDLC |
||
| 042 | _apcc | ||
| 050 | 0 | 0 |
_aBD422.R9 _bD38 2008 |
| 066 | _c(N | ||
| 100 | 1 |
_6880-01 _aDavydov, Joseph, _d1932- |
|
| 245 | 1 | 0 |
_6880-02 _aDusha i telo = _bSoul and body / _cIsaĭ Shoulovich Davydov. |
| 246 | 1 | 5 |
_6880-03 _aDusha i telo, um i mozg |
| 246 | 3 | 1 | _aSoul and body |
| 260 |
_6880-04 _aNʹi︠u︡-Ĭork : _bInternational Scientific Center, _cc2008. |
||
| 300 |
_a416 p. : _bill., port. ; _c23 cm. |
||
| 490 | 1 |
_6880-05 _aSOS, nauchnye problemy morali, schastʹi︠a︡, dolgoletii︠a︡ i bessmertii︠a︡ / Isaĭ Shoulovich Davydov ; _vt. 4 |
|
| 650 | 0 | _aSoul. | |
| 650 | 0 | _aMind and body. | |
| 650 | 0 | _aPhilosophy of mind. | |
| 650 | 0 | _aTruth. | |
| 653 |
_aSoul and body _aTruth _aPhilosophy |
||
| 800 | 1 |
_aDavydov, Joseph, _d1932- _tSOS. _pNauchnye problemy morali, schastʹi︠a︡, dolgoletii︠a︡ i bessmertii︠a︡ ; _vt. 4. |
|
| 880 | 1 |
_6100-01/(N _aДавыдов, Исай, _d1932- |
|
| 880 | 1 | 0 |
_6245-02/(N _aДуша и тело = _bSoul and body / _cИсай Шоулович Давыдов. |
| 880 | 3 | 5 |
_6246-03/(N _aДуша и тело, ум и мозг |
| 880 |
_6260-04/(N _aНью-Йорк : _bInternational Scientific Center, _cc2008. |
||
| 880 | 1 |
_6490-05/(N _aСОС, научные проблемы морали, счастья, долголетия и бессмертия / Исай Шоулович Давыдов ; _vт. 4 |
|
| 906 |
_a7 _bcbc _cpccadap _d3 _eepcn _f20 _gy-nonroman |
||
| 942 |
_2lcc _cBOOKS _hBD 422 .R9D38 2008 |
||